Countries that begin with Denmark - Statistics

General Stats
  • This quiz has been taken 19 times
    18 since last reset
  • The average score is 35 of 58
Answer Stats
Answer % Correct
Algeria
78%
Australia
78%
Dominica
78%
Dominican Republic
78%
Mali
78%
Niger
78%
Nigeria
78%
Rwanda
78%
Afghanistan
72%
Albania
72%
Angola
72%
Armenia
72%
Austria
72%
Djibouti
72%
East Timor
72%
Ecuador
72%
Eritrea
72%
Eritrea
72%
Estonia
72%
Mauritania
72%
Nicaragua
72%
Russia
72%
Argentina
67%
El Salvador
67%
Ethiopia
67%
Kenya
67%
Namibia
67%
Romania
67%
Antigua and Barbuda
61%
Mauritius
61%
Moldova
61%
Nauru
61%
New Zealand
61%
North Korea
61%
Norway
61%
Azerbaijan
56%
Equatorial Guinea
56%
Maldives
56%
Nepal
56%
Andorra
50%
Democratic Republic of the Congo
50%
Kiribati
50%
Kuwait
50%
Kyrgyzstan
50%
Malawi
50%
Morrocco
50%
Netherlands
50%
Egypt
44%
Kazakhstan
44%
Macedonia
44%
Malaysia
44%
Marshall Islands
44%
Monaco
44%
Malta
39%
Mexico
39%
Mongolia
39%
Madagascar
33%
Micronesia
33%
No matching quizzes found
Score Distribution
Percent of People with Each Score
Percentile by Number Answered
Your Score History
You have not taken this quiz since the last reset